Organic gardening

Bibliographic Details
New Title:OG (Emmaus, Pa.)
Previous Title:Rodale's organic gardening
Format: Electronic Journal
Language:English
Published: Emmaus, PA : Rodale Press, 1988-2001.
Subjects:
Online Access:Full text available from Research Library: 01/01/1995 to 08/31/2001

MARC

LEADER 00000nas a2200000 i 4500
001 ssj0004314
003 WaSeSS
005 20200512172242.0
006 m d
007 cr n
008 050822d19882001paubn p s 0 0eng c
010 |a  2016236845 
022 |y 0897-3792 
035 |a (WaSeSS)ssj0004314 
040 |a OCLCS  |b eng  |e pn  |c OCLCS  |d OCLCS  |d OCLCQ  |d AZU  |d CO3  |d B3G  |d OCLCQ  |d OCLCO  |d OCLCE  |d OCLCF  |d CUS  |d OCLCQ  |d NOC  |d WaSeSS 
042 |a dlr  |a pcc 
050 4 |a S605.5  |b .O7 
072 0 |a F100 
072 0 |a F110 
082 0 4 |a 635.0484  |2 20 
130 0 |a Organic gardening (Emmaus, Pa. : 1988) 
245 1 0 |a Organic gardening  |h [electronic resource]. 
246 3 |a OG 
260 |a Emmaus, PA :  |b Rodale Press,  |c 1988-2001. 
310 |a Seven times a year,  |b <May/June 2001>-July/Aug. 2001 
321 |a Frequency varies,  |b 1988-1999 
362 1 |a Began with: Vol. 35, Issue 4 (Apr88); ceased with: Vol. 48, Issue 5 (Jul/Aug2001). 
506 |a License restrictions may limit access. 
515 |a Issues for Apr.-May 1988 have no vol. numbering but constitute v. 35, no. 4 and no. 5. 
538 |a Master and use copy. Digital master created according to Benchmark for Faithful Digital Reproductions of Monographs and Serials, Version 1. Digital Library Federation, December 2002.  |u http://purl.oclc.org/DLF/benchrepro0212  |5 MiAaHDL 
583 1 |a digitized  |c 2010  |h HathiTrust Digital Library  |l committed to preserve  |2 pda  |5 MiAaHDL 
588 |a Description based on: Vol. 35, Issue 4 (Apr88); title from journal homepage (EBSCOhost Web site, viewed Sept. 15, 2016). 
588 |a Latest issue consulted: Vol. 48, Issue 5 (Jul/Aug2001) (EBSCOhost Web site, viewed Sept. 15, 2016). 
650 0 |a Organic gardening  |v Periodicals. 
650 7 |a Organic gardening.  |2 fast  |0 (OCoLC)fst01047711 
655 0 |a Electronic journals. 
776 0 8 |i Print version:  |t Organic gardening (Emmaus, Pa. : 1988)  |x 0897-3792  |w (DLC) 90648302  |w (OCoLC)17469633 
780 0 0 |t Rodale's organic gardening  |w (DLC) 2016236846  |w (OCoLC)681311035 
785 0 0 |t OG (Emmaus, Pa.)  |w (DLC) 2016236844  |w (OCoLC)60625174 
856 4 0 |z Full text available from Research Library: 01/01/1995 to 08/31/2001  |u https://search.proquest.com/publication/43041